La Administración del Estado a lo largo del Siglo XX (Registro nro. 32189)
[ vista simple ]
| 000 -CABECERA | |
|---|---|
| Longitud fija campo de control | 01262naa a2200289 c 4500 |
| 001 - NÚMERO DE CONTROL | |
| Número de control | 32189 |
| 003 - IDENTIFICADOR DE NÚMERO DE CONTROL | |
| Identificador del número de control | ES-MaCES |
| 005 - FECHA Y HORA DE LA ÚLTIMA TRANSACCIÓN | |
| Fecha y hora de la última transacción | 20010628141100.0 |
| 008 - CAMPO FIJO DE DESCRIPCIÓN FIJA--INFORMACIÓN GENERAL | |
| Códigos de información de longitud fija | 010524n2001 sp 100 | spa d |
| 035 ## - NÚMERO DE CONTROL DEL SISTEMA | |
| Número de control del sistema | CES20010002002v |
| 040 ## - FUENTE DE CATALOGACIÓN | |
| Centro catalogador de origen | ES-MaCES |
| Lengua de catalogación | spa |
| Centro transcriptor | ES-MaCES |
| 100 1# - ENCABEZAMIENTO PRINCIPAL--NOMBRE PERSONAL | |
| Nombre de persona | Fernández, Tomás-Ramón |
| 9 (RLIN) | 11750 |
| 245 13 - MENCIÓN DE TÍTULO | |
| Título | La Administración del Estado a lo largo del Siglo XX |
| Mención de responsabilidad, etc. | Tomás-Ramón Fernández |
| 500 ## - NOTA GENERAL | |
| Nota general | Ponencia presentada en el Congreso sobre las Claves de la España en el Siglo XX, organizado por la Sociedad Estatal Nuevo Milenio, en el Museo de las Ciencias de Valencia los días 24 a 27 de octubre de 2000 |
| 650 #4 - ASIENTO SECUNDARIO DE MATERIA--TÉRMINO DE MATERIA | |
| Término de materia o nombre geográfico como elemento inicial | documento de conferencia |
| 9 (RLIN) | 28945 |
| 650 #4 - ASIENTO SECUNDARIO DE MATERIA--TÉRMINO DE MATERIA | |
| Término de materia o nombre geográfico como elemento inicial | historia |
| 9 (RLIN) | 27251 |
| 650 #4 - ASIENTO SECUNDARIO DE MATERIA--TÉRMINO DE MATERIA | |
| Término de materia o nombre geográfico como elemento inicial | S. XX |
| 9 (RLIN) | 30812 |
| 650 #4 - ASIENTO SECUNDARIO DE MATERIA--TÉRMINO DE MATERIA | |
| Término de materia o nombre geográfico como elemento inicial | España |
| 9 (RLIN) | 26964 |
| 650 #4 - ASIENTO SECUNDARIO DE MATERIA--TÉRMINO DE MATERIA | |
| Término de materia o nombre geográfico como elemento inicial | reforma administrativa |
| 9 (RLIN) | 27223 |
| 650 #4 - ASIENTO SECUNDARIO DE MATERIA--TÉRMINO DE MATERIA | |
| Término de materia o nombre geográfico como elemento inicial | administración pública |
| 9 (RLIN) | 27214 |
| 653 10 - TÉRMINO DE INDEXACIÓN--NO CONTROLADO | |
| Término no controlado | Administración-Instituciones públicas |
| 711 2# - ENCABEZAMIENTO SECUNDARIO--NOMBRE DE REUNIÓN | |
| Nombre de congreso o nombre de jurisdicción como elemento inicial | Congreso sobre las Claves de la España en el Siglo XX |
| Fecha del congreso | 2000 |
| Sede del congreso | Valencia |
| 9 (RLIN) | 653 |
| 773 0# - ENTRADA DE DOCUMENTO FUENTE | |
| Título | Revista española de Derecho administrativo |
| Parte(s) relacionada(s) | n. 109 (en. - mar. 2001){10039 R. 041472}; p. 5-14 |
| Número de control del registro relacionado | (ES-MaCES)25059 |
| Itemnumber del ítem fuente | 32244 |
| 902 ## - CES. TIPO DE DOCUMENTO | |
| Tipodoc (006$c Sirtex) | ART Artículo de revista |
| 942 ## - ELEMENTOS KOHA | |
| Fuente de clasificaión o esquema | Clasificación propia del CES |
| Koha [por defecto] tipo de item | Artículos (1982-2017) |
| Parte de clasificación | 6.3. |
No hay ítems disponibles.
